000 00537nam a2200193Ia 4500
005 20250326145215.0
008 250326s9999 xx 000 0 und d
037 _aTextbook
040 _aFMSL
_beng
_cFMSL
041 _aeng
_2eng
084 _aX:87 P9
_qFMSL
100 _aWalmsley B
_9750836
245 0 _aGetting results
_cWalmsley B
260 _aUnited Kingdom
_bUnited Kingdom, Hodder Education
_c2009
365 _b769.82939999999996
650 _aManagement
942 _cTB
_hX:87 P9
999 _c1306749
_d1306749